Movies Quiz

Random Movies or Actress Quiz

Actor Pairings Quiz Stats

 Plays Quiz Updated Jun 15, 2018

Also try: Stiller and Wilson
Challenge
Share
Tweet
Embed
Score 0/32 Timer 07:00
17 Plays Today
heading movie % Correct
Leonardo DiCaprio and Kate WinsletTitanic
93.4%
Julia Roberts and Richard GerePretty Woman
85.3%
Tom Hanks and Meg RyanYou've Got Mail
81.1%
Tom Hanks and Meg RyanSleepless in Seattle
80.9%
Adam Sandler and Drew Barrymore50 First Dates
77.9%
Adam Sandler and Drew BarrymoreThe Wedding Singer
66.5%
Julia Roberts and Richard GereRunaway Bride
58.4%
Chris Farley and David SpadeTommy Boy
56.2%
Nicole Kidman and Tom CruiseEyes Wide Shut
55.8%
Al Pacino and Robert De NiroThe Godfather: Part II
52.2%
Paul Rudd and Jason Segel I Love You, Man
51%
Leonardo DiCaprio and Kate WinsletRevolutionary Road
47.9%
Chris Farley and David SpadeBlack Sheep
46.5%
Paul Newman and Robert RedfordButch Cassidy and the Sundance Kid
46.1%
Jamie Lee Curtis and John CleeseA Fish Called Wanda
44.4%
Al Pacino and Robert De NiroHeat
44%
heading movie % Correct
Paul Rudd and Jason Segel Forgetting Sarah Marshall
41.9%
Paul Rudd and Jason Segel Knocked Up
41.5%
Nicole Kidman and Tom CruiseDays of Thunder
35.9%
Paul Newman and Robert RedfordThe Sting
34.1%
Corey Haim and Corey FeldmanThe Lost Boys
33.2%
Adam Sandler and Drew BarrymoreBlended
31.5%
Nicole Kidman and Tom CruiseFar and Away
31.2%
George Clooney and Mark WahlbergThree Kings
28.9%
Tom Hanks and Meg RyanJoe Versus the Volcano
28.6%
Al Pacino and Robert De NiroRighteous Kill
22.8%
George Clooney and Mark WahlbergThe Perfect Storm
20.6%
Corey Haim and Corey FeldmanLicense to Drive
13.2%
Chris Farley and David SpadeConeheads
10.2%
Jamie Lee Curtis and John CleeseFierce Creatures
8.9%
Corey Haim and Corey FeldmanDream a Little Dream
6.6%
Corey Haim and Corey FeldmanBlown Away
2.8%

You're not logged in!

Compare scores with friends on all Sporcle quizzes.
OR
Log In

You Might Also Like...

Show Comments

Extras

Top Quizzes Today


Score Distribution

Your Account Isn't Verified!

In order to create a playlist on Sporcle, you need to verify the email address you used during registration. Go to your Sporcle Settings to finish the process.

Report this User

Report this user for behavior that violates our Community Guidelines.

Details: